Statistics for First Name Chain With Photos

Click here to take the quiz!

General Stats

  • This quiz has been taken 37 times
  • The average score is 18 of 24

Answer Stats

Answer% Correct
Albert
97%
Elvis
94%
Oprah
94%
Yoda
94%
Adele
91%
Elon
91%
Elton
88%
Nelson
88%
Snoop
88%
Stephen
88%
Eve
85%
Hilary
79%
Yoko
76%
Louis
74%
Rosa
74%
Theresa
74%
Natalie
71%
Audrey
68%
Nicolas
59%
Pablo
59%
Stevie
59%
Oscar
53%
America
38%
Neil
35%

Score Distribution

Percentile by Number Answered

Percent of People with Each Score

Your Score History

You have not taken this quiz